000 03447nam a2200265Ia 4500
003 OSt
005 20211103160609.0
008 210310t2015 sp ad fr 000 0 spa d
020 _a9788490868850
040 _aCO-JMCR
_cCO-JMCR
041 0 _aspa
082 0 4 _a338.9 /
_bB719r
_223
100 1 _aBono Martínez, Emérit,
_918095
_eeditor
245 1 0 _aRenovación de la política económica y cambios sociales :
_bensayos en honor de Josep María Jordán /
_cEmérit Bono Martínez, Antonio Sánchez Andrés, Juan A. Tomás Carpi
260 _aValencia :
_bTirant Lo Blanch,
_c©2015
300 _a175 páginas :
_bilustraciones y gráficas a blanco y negro ;
_c24 cm.
500 _aIncluye notas a pie de página.
504 _aBibliografía al final de cada capítulo.
505 0 _tJoseph M. Jordán, una vida de política económica /
_rAntonio Sánchez Andrés
_tCrisis ecológica, la buena vida y nueva política económica /
_rEmérit Bono Martinez
_tConsideraciones sobre política económica y sostenibilidad /
_rJuan Antonio Tomás Carpi
_tLa política industrial del S. XXI: mitos y realidades /
_rAndrés Garcia Reche
_tCreatividad, pluralismo y enseñanza de la política económica /
_rRail de Arriba Barno Maria Vidaga Murgui
_tPolítica económica y desigualdad en la unión europea /
_rCarlos Ochando Claramunt
_tAlternativas de política económica: el austericidio de los otros /
_rIsidro Antuñano Maruri
_tCrisis, ajuste y políticas económicas alternativas: la lucha contra la corrupción /
_rJosé M. March Poquer
_tEuropa, 1950-2015 /
_rVíctor Fuentes
_t¿Qué paso con la deuda de los gobiernos autonómicos durante los años previos al Crash de 2008? /
_rFernando Toboso
_t¿Qué paso con la deuda de los gobiernos autonómicos durante los años previos al crash de 2008? /
_rFernando Toboso
_tPolitiques estructurals per al mercat laboral: una altra política és possible /
_rJosep Banvuls Ernest Cano, Amat Sánchez
_tEl impacto de la crisis sobre la industria valenciana y las estrategias para su recuperación /
_rMiguel Torrejón Velardiez
_tPolitiques locals participatives al país valencia en un context de crisi /
_rJuan R Gallego Bono Josep V Pitxer i Campos
_tPartenariados territoriales: instituciones intencionales y emergentes /
_rJuan R. Gallego Bono, Josep V. Pixer i Campos
520 3 _aEn este libro se abordan algunos temas de actualidad de política económica agrupados, por un lado, en disciplina de la Política Económica y, por otro lado, en estudios de política económica sobre áreas concretas (Unión Europea, España y ámbito regio nal). Los trabajos van desde el análisis de la realidad más recientes, como el plan de estabilidad actual del gobierno español o las políticas de austeridad, hasta otros que marcan tendencias de fondo, como se trata de las relaciones entre política económica y sostenibilidad medioambiental, o nuevas perspectivas, como las referidas a las políticas económicas en los ámbitos industrial, laboral o regional o sus relaciones con la corrupción. Esta obra está orientada no sólo a personas especialistas en economía o estudiantes interesados en estos aspectos, sino que también es accesible al público que está preocupado por la situación económica actual.
650 1 4 _aPolítica económica
_918097
_zEspaña
700 1 _aSánchez Andrés, Antonio,
_eeditor
_941404
700 1 _aTomás Carpi, Juan A.,
_eeditor
_941405
942 _2ddc
_cBK
999 _c8722
_d8722